000
00242 a2200109 4500
001
60265
082
_a
954.0254 ABU
090
_c
37007
_d
37007
245
_a
Aaeen-e-Akabari
_h
Urdu
250
_a
2nd
260
_a
Lahore
_b
Sang-e-Meel Lahore
942
_a
CAE NUST
_k
954.0254 ABU
999
_c
295338
_d
295338